ABC feminizmu

Salvato in:
Dettagli Bibliografici
Altri autori: Formánková, Lenka, Rytířová, Kristýna
Natura: Libro
Lingua:ceco
Pubblicazione: Brno NESEHNUTÍ 2004
Soggetti:
Tags: Aggiungi Tag
Nessun Tag, puoi essere il primo ad aggiungerne!!

MARC

LEADER 00000nam$a2200000$$$4500
001 0022578
005 20240104134415.5
020 |a 80-903228-3-2 
041 0 |a cze 
044 |a CZ 
245 1 0 |a ABC feminizmu  |c sestavili: Lenka Formánková, Kristýna Rytířová 
264 1 |a Brno  |b NESEHNUTÍ  |c 2004 
300 |a 232 s. 
610 2 0 |a práva ľudské 
610 2 0 |a ženy 
610 2 0 |a žena a rodina 
610 2 0 |a zamestnanie 
610 2 0 |a spoločnosť 
610 2 0 |a postavenie spoločenské 
610 2 0 |a postavenie žien 
700 1 |a Formánková, Lenka 
700 1 |a Rytířová, Kristýna